¿Quién será el rey? ó Los pretendientes (Record no. 154997)

MARC details
000 -LEADER
campo de control de longitud fija 00869nam a22001815i 4500
001 - NÚMERO DE CONTROL
campo de control 154997
003 - IDENTIFICADOR DE NÚMERO DE CONTROL
campo de control ES-MaACL
005 - FECHA Y HORA DE LA ÚLTIMA TRANSACCIÓN
campo de control 20251115063311.0
008 - DATOS DE LONGITUD FIJA--INFORMACIÓN GENERAL
campo de control de longitud fija 000714s1868 sp |||| | spa d
040 ## - FUENTE DE CATALOGACIÓN
Centro catalogador/agencia de origen AR
Lengua de catalogación spa
Centro/agencia transcriptor AR
100 1# - ENTRADA PRINCIPAL--NOMBRE DE PERSONA
Nombre de persona Gutiérrez de Alba, José María,
Fechas asociadas al nombre 1822-1897
9 (RLIN) 127661
245 10 - MENCIÓN DEL TÍTULO
Título ¿Quién será el rey? ó Los pretendientes
Resto del título : cuadro jocoso escrito sobre un asunto muy serio /
Mención de responsabilidad, etc. por José María Gutierrez de Alba.
260 ## - PUBLICACIÓN, DISTRIBUCIÓN, ETC.
Lugar de publicación, distribución, etc. Madrid :
Nombre del editor, distribuidor, etc. [s.n.],
Fecha de publicación, distribución, etc. 1868 (
Fabricante Imp. de Manuel Minuesa)
300 ## - DESCRIPCIÓN FÍSICA
Extensión 30 p. ;
Dimensiones 19 cm.
500 ## - NOTA GENERAL
Nota general Representado por primera vez en el teatro de Novedades el 11 de diciembre de 1868.
852 ## - LOCALIZACIÓN
Ubicación ES-MaACL
Número de control de estantería F-8551(2)
Nota libre -- Enc. pasta española
condición física -- Falto de la cub. original
Nota libre -- Enc. en un vol. facticio, formando parte de la colección facticia "Teatro español moderno", vol. 3
Holdings
Estatus retirado Estado de pérdida Estado de daño No para préstamo Colección Biblioteca de origen Biblioteca actual Ubicación en estantería Fecha de adquisición Total de préstamos Signatura topográfica completa Código de barras Visto por última vez Precio de reemplazo Tipo de ítem Koha
        Libros del s. XIX Biblioteca del Ateneo de Madrid Biblioteca del Ateneo de Madrid Sala Pecera Planta 2 17/01/2008   F-8551(2) 1162133 23/02/2023 23/02/2023 Libro impreso antiguo